Warframe: Name them all! - Statistics

General Stats
  • This quiz has been taken 35 times
  • The average score is 41 of 60
Answer Stats
Answer % Correct
Excalibur
96%
Mag
91%
Volt
91%
Ash
87%
Gara
87%
Garuda
87%
Gauss
87%
Grendel
83%
Saryn
83%
Ember
78%
Loki
78%
Protea
78%
Rhino
78%
Vauban
78%
Zephyr
78%
Atlas
74%
Banshee
74%
Equinox
74%
Hildryn
74%
Hildryn
74%
Nova
74%
Voruna
74%
Xaku
74%
Baruuk
70%
Caliban
70%
Gyre
70%
Khora
70%
Sevagoth
70%
Titania
70%
Trinity
70%
Limbo
65%
Mesa
65%
Nekros
65%
Nyx
65%
Revenant
65%
Wukong
65%
Chroma
61%
Dagath
61%
Dante
61%
Frost
61%
Jade
61%
Mirage
61%
Nidus
61%
Oberon
61%
Qorvex
61%
Valkyr
61%
Hydroid
57%
Hydroid
57%
Inaros
57%
Ivara
57%
Kullervo
57%
Nezha
57%
Octavia
57%
Wisp
57%
Citrine
52%
Yareli
52%
Lavos
48%
Harrow
43%
Harrow
43%
Styanax
39%
No matching quizzes found
Score Distribution
Percent of People with Each Score
Percentile by Number Answered
Your Score History
You have not taken this quiz